| 000 | 00669nam a2200253Ia 4500 | ||
|---|---|---|---|
| 001 | 8897 | ||
| 005 | 20240113234140.0 | ||
| 007 | ta | ||
| 008 | 050722s1996 a g b000 u eng u | ||
| 020 | _a0-333-60890-9 | ||
| 040 | _aCotton College Assam | ||
| 041 | _aeng | ||
| 082 |
_a821.09 _bKi 65 Co |
||
| 100 | _aKitson, Peter J.. | ||
| 245 | 0 |
_aColeridge,Keats and Shelley / _cPeter J.Kitson. _hTextual Documents |
|
| 250 | _a1st ed / | ||
| 260 |
_aAllahabad : _bKitab mahal , _c1996. |
||
| 300 |
_aix,238p. : _bill. ; _c21cm. . |
||
| 504 | _aIndex | ||
| 653 | _aEnglish-Poem -Criticism | ||
| 942 |
_2ddc _cBK |
||
| 999 |
_c8884 _d8884 |
||